Thomistic papers. v (Record no. 124277)
[ view plain ]
| 000 -LEADER | |
|---|---|
| fixed length control field | 00499nam a22001577a 4500 |
| 008 - FIXED-LENGTH DATA ELEMENTS--GENERAL INFORMATION | |
| fixed length control field | 160301b xxu||||| |||| 00| 0 eng d |
| 050 ## - LIBRARY OF CONGRESS CALL NUMBER | |
| Classification number | B765.T54 A17 |
| 100 ## - MAIN ENTRY--PERSONAL NAME | |
| Personal name | Russman, Thomas A. (ed.) |
| 9 (RLIN) | 22653 |
| 245 ## - TITLE STATEMENT | |
| Title | Thomistic papers. v |
| Statement of responsibility, etc | Thomas A. Russman (ed.) |
| 260 ## - PUBLICATION, DISTRIBUTION, ETC. (IMPRINT) | |
| Place of publication, distribution, etc | Texas |
| Name of publisher, distributor, etc | Centre for Thomistic studies |
| Date of publication, distribution, etc | 1990 |
| 300 ## - PHYSICAL DESCRIPTION | |
| Extent | 95p. ; |
| Dimensions | 22cm. |
| 440 ## - SERIES STATEMENT/ADDED ENTRY--TITLE | |
| Title | Thomistic paper |
| Number of part/section of a work | no.5 |
| 9 (RLIN) | 22654 |
| 650 ## - SUBJECT ADDED ENTRY--TOPICAL TERM | |
| Topical term or geographic name as entry element | Thomas Aquinas, St. |
| General subdivision | Periodicals |
| 9 (RLIN) | 22655 |
| 650 ## - SUBJECT ADDED ENTRY--TOPICAL TERM | |
| Topical term or geographic name as entry element | Thomism |
| 9 (RLIN) | 22656 |
| 942 ## - ADDED ENTRY ELEMENTS (KOHA) | |
| Source of classification or shelving scheme | Library of Congress Classification |
| Item type | Monograph ( Printed materials) |
| Withdrawn status | Lost status | Source of classification or shelving scheme | Damaged status | Not for loan | Collection code | Home library | Current library | Shelving location | Date acquired | Total Checkouts | Full call number | Barcode | Date last seen | Price effective from | Koha item type |
|---|---|---|---|---|---|---|---|---|---|---|---|---|---|---|---|
| Library of Congress Classification | Main Collection | ARRUPE LIBRARY | ARRUPE LIBRARY | Main Collection | 01/03/2016 | B765.T54 A17 | 46500006254 | 01/03/2016 | 01/03/2016 | Monograph ( Printed materials) |